000 02024ncm0a2200385 4500
001 RU\NLR\ONIZ\216234
005 20250626045202.0
010 _a978-5-7493-1105-1
021 _aRU
_b07-183
_907-9
035 _aRU\NLR\ONIZ\Таня\5000003740\20161223161540
035 _a(NLR Aleph) 011338582
090 _a11179077
_c11179077
100 _a20161223d2007 |||y0rusy50 ca
101 0 _arus
102 _aRU
125 _azx
128 _achs
145 0 _ac
200 1 _aВеселые песенки
_bНоты
_eпесни композиторов Мордовии для детей в сопровожд. фп.
_fсост. и муз. ред. С. С. Молина
210 _aСаранск
_c[Б. и.]
_gКрасный Октябрь
_eСаранск
_d2007
215 _a56 с.
_cцв. ил.
_d29 см
313 _aСистематизация документа проведена по изданию - Методика классифицирования музыкальных произведений (нотных изданий) по таблицам Библиотечно-библиографических классификаций : метод. рекомендации / Гос. б-ка СССР им. В.И. Ленина.- М., 1977. Индексу ББК методических рекомендаций присваивается код ББК для научных библиотек - LBC/SL
606 1 _aДетские песни
_yРоссия
_z20-21 вв.
_jНоты
_2nlr_sh
686 _aЩ948.2я43(2Р=Морд)
_vLBC/SL
_2rubbk
701 1 _9z01790
_aМолина
_bС. С.
_gСветлана Сергеевна
_4220
_4340
790 1 _9z01701
_aMolina
_bS. S.
_gSvetlana Sergeevna
_4220
_4340
801 0 _aRU
_bNLR
_c20161223
_gPSBO
801 1 _aRU
_bNLR
_c20161223
_2rusmarc
801 2 _aRU
_bNLR
_c20190630
852 _aNLR
_bМ
_jК-3/24906
_pМОЭ 2007-9/183
_t1
852 _aNLR
_bМ
_jК-3/24906а
_pМОЭ 2007-9/183а
_t2
942 _cSCORE
980 _aNB
980 _aONIZ